000 00611nam a2200193 u 4500
001 000486724
003 AM-YeHGA
005 20250617134255.0
008 060503s1932 ||| r 000 0 arm d
040 _aAM-YeHGA
041 0 _aarm
100 1 _aԼևոնյան, Գուրգեն
245 1 0 _aԿոլտնտեսային ճագարաբուծություն /
_cԳ. Լևոնյան.
260 _aՌոստով-Դոն :
_bՀյուսիսային Կովկաս,
_c1932.
300 _a156 էջ :
_bնկ.
504 _aՄատենագիտ.՝ էջ 153
653 0 _aՃագարաբուծություն
090 _c180537
999 _c179089
_d179089